00654nam a22002297a 450000500170000001000130001702000100003003500130004003700160005304000120006908200080008110000260008924500450011524600380016026000390019827000490023730000200028665000380030665000250034465000320036965000230040120170123162302.0 aA-277154 c40.00 aA-277154 bCen Lib/Ret aDPLbUR a954 aمحمّد اکرام a/ موج کوثرcمحمّد اکرام aMoj-e-kausar bby Mohammad Ikram  a دلھیbادبی دنیاcoo?? a٥١٠، مٹیا محل b دلھیe110006 a368p.c20cm(Hb) aسماجی حالت z بھارت aسیسی رہنما  aSociol Conditions zIndia  apolitical Leaders